Pays contenant un K dans leurs noms. - Statistiques

Statistiques générales
  • Ce quiz a été pris 141 fois
    70 depuis la dernière actualisation
  • Le résultat moyen est 12 sur 15
Statistiques - réponses
Continent Réponse % Correct
Asie Kazakhstan
97%
Afrique Kenya
92%
Asie Kirghizistan
89%
Europe Kosovo
84%
Asie Turkmenistan
84%
Asie Koweït
80%
Asie Tadjikistan
80%
Asie Pakistan
77%
Asie Irak
75%
Océanie Kiribati
74%
Asie Ouzbékistan
74%
Europe Ukraine
72%
Europe Danemark
66%
Asie Sri Lanka
61%
Afrique Burkina Faso
57%
Aucun quiz correspondant
Distribution des résultats
% des personnes avec chaque résultat
Percentile par nombre de réponses
Votre historique - résultats
Vous n’avez pas pris ce quiz depuis la dernière actualisation